000 00458nam a2200181Ia 4500
008 151018s9999 xx 000 0 und d
082 _bRBASDV15150
_a891.433
100 _aराणू
245 _aतोफाह
250 _b1
260 _bहिंद पॉकेट बुक्स
_c1976
300 _a164
600 _aराणू
630 _aतोफाह
700 _aराणू
730 _aतोफाह
942 _cBOOK
999 _c1015877
_d1015874